Изображения президентов США XX-XXIвв. - Statistics

General Stats
  • This quiz has been taken 10 times
  • The average score is 14 of 21
Answer Stats
Picture Answer % Correct
Рональд Рейган
89%
Дональд Трамп
89%
Франклин Рузвельт
78%
Джон Кеннеди
78%
Джеральд Форд
78%
Джордж Буш Старший
78%
Джордж Буш Младший
78%
Теодор Рузвельт
67%
Вудро Вильсон
67%
Гарри Трумэн
67%
Дуайт Эйзенхауэр
67%
Линдон Джонсон
67%
Ричард Никсон
67%
Джимми Картер
67%
Билл Клинтон
67%
Барак Обама
67%
Джо Байден
67%
Уильям Тафт
44%
Герберт Гувер
44%
Уоррен Гардинг
33%
Калвин Кулидж
22%
No matching quizzes found
Score Distribution
Percent of People with Each Score
Percentile by Number Answered
Your Score History
You have not taken this quiz